Państwa z największą ilością uli - Statystyki

Ogólne statystyki
  • Ten quiz został rozwiązany 96 razy
  • Średni wynik to 35 z 50
Statystyki odpowiedzi
/km² Ilość Kraj % Poprawnych
5,1 1 586 063 Polska
98%
0,3 2 803 000 Stany Zjednoczone
96%
1,0 9 173 742 Chiny
95%
0,2 3 182 399 Rosja
94%
4,0 13 048 275 Indie
93%
0,1 695 729 Kanada
92%
0,1 1 017 506 Brazylia
89%
1,9 677 014 Niemcy
89%
5,9 2 965 557 Hiszpania
87%
1,3 868 365 Francja
84%
1,1 3 020 370 Argentyna
83%
0,05 374 697 Australia
83%
1,1 2 172 107 Meksyk
83%
1,3 386 333 Włochy
83%
11,8 1 556 404 Grecja
82%
10,1 7 947 687 Turcja
82%
6,9 765 772 Bułgaria
81%
8,0 631 811 Czechy
78%
6,8 1 602 453 Rumunia
78%
10,3 914 134 Serbia
78%
5,7 278 385 Słowacja
77%
8,6 488 969 Chorwacja
76%
0,8 795 942 Egipt
76%
4,0 6 601 394 Iran
75%
0,5 370 895 Maroko
75%
0,2 411 713 Algieria
73%
0,6 447 140 Chile
73%
4,4 372 900 Austria
72%
0,5 397 153 Pakistan
69%
9,1 844 000 Węgry
69%
3,3 879 758 Nowa Zelandia
67%
21,6 2 165 616 Korea Południowa
66%
7,9 402 630 Bośnia i Hercegowina
65%
10,0 285 455 Albania
63%
4,2 682 733 Tunezja
63%
3,4 240 600 Gruzja
60%
3,2 3 019 784 Tanzania
60%
2,6 1 533 668 Kenia
59%
5,5 6 018 223 Etiopia
57%
3,2 556 107 Urugwaj
57%
0,9 283 786 Wietnam
55%
8,0 236 242 Armenia
53%
5,8 500 980 Azerbejdżan
51%
1,3 574 153 Uzbekistan
49%
0,9 1 153 618 Angola
47%
24,0 251 121 Liban
43%
2,7 500 000 Syria
43%
0,7 317 835 Kamerun
39%
2,7 1 679 762 Republika Środkowoafrykańska
28%
1,7 340 882 Senegal
28%
Nie znaleziono quizów pasujących do podanych kryteriów
Rozkład punktacji
Procent ludzi z każdym wynikiem
Percentyl według liczby udzielonych odpowiedzi
Twoja historia wyników
Nie rozwiązałeś tego quizu